000 00291nam a22001457a 4500
008 170203b xxu||||| |||| 00| 0 eng d
020 _a081380440
041 _aeng
080 _a61
082 _25ED
100 _a3
101 _aSHM
245 _aDIASESOFSWINE
_cLEMAN
942 _2udc
_cBK
999 _c4495
_d4495